[Event "Ch Hungary"]
[Site "masterchessopen.com - Budapest (Hungary)"]
[Round "0"]
[White "Kluger Gyula (HUN)"]
[Black "Meszaros Gyula (HUN)"]
[Result "0-1"]
[WhiteElo "2250"]
[BlackElo "2360"]

1.d4 c5 2.d5 e5 3.e4 d6 4.Nc3 Ne7 5.Bd3 a6 6.a4 Ng6 7.Nge2 Be7 8.O-O Bg5 9.a5
h5 10.Bd2 Bf4 11.Nxf4 Nxf4 12.Bxf4 exf4 13.Qd2 g5 14.b4 cxb4 15.Ne2 Nd7
16.Qxb4 f3 17.gxf3 Ne5 18.Nd4 Qf6 19.Be2 g4 20.f4 Qxf4 21.f3 gxf3 22.Kh1 Bh3
23.Bxf3 Bxf1 24.Rxf1 Ng4 25.Rf2 Nxf2+ 26.Kg2 Ng4 {#R} 0-1

[Event "Memorial Asztalos"]
[Site "masterchessopen.com - Balatonfured (Hungary)"]
[Round "9"]
[White "Szabo Laszlo (HUN)"]
[Black "Paoli Enrico (ITA)"]
[Result "1-0"]
[WhiteElo "1903"]
[BlackElo "2300"]

1.d4 c5 2.d5 e5 3.e4 d6 4.f4 exf4 5.Bxf4 Qf6 6.Bg3 Qxb2 7.Nd2 Be7 8.Ngf3 Nd7
9.Bd3 Ne5 10.Nxe5 dxe5 11.O-O Qd4+ 12.Bf2 Qc3 13.Rb1 Nf6 14.Nb3 Qb4 15.Nxc5
Bxc5 16.Rxb4 Bxb4 17.Bb5+ Ke7 18.Bh4 h5 19.Qf3 Rh6 20.Qg3 {#r} 1-0

[Event "Olympiad"]
[Site "masterchessopen.com - Munich (Germany)"]
[Round "2"]
[White "Van Den Broeck Hans (BEL)"]
[Black "Nilsson Zandor (SWE)"]
[Result "0-1"]
[WhiteElo "2230"]
[BlackElo "2300"]

1.d4 c5 2.d5 e5 3.e4 d6 4.Nc3 g6 5.Bd3 a6 6.a4 Bg7 7.Nge2 Ne7 8.O-O O-O 9.Kh1
Nd7 10.Be3 f5 11.f4 Qc7 12.Ng3 fxe4 13.Ncxe4 exf4 14.Bxf4 Ne5 15.Bxe5 Bxe5
16.Rxf8+ Kxf8 17.Qf3+ Kg7 18.Rf1 Nf5 19.Ng5 Bxg3 20.hxg3 Qe7 21.Bxf5 Bxf5
22.Ne6+ Kg8 23.c3 Re8 24.Re1 Qf7 25.Qe3 Qd7 26.Qg5 Qxa4 27.Qf6 Qd7 {#R} 0-1

[Event "Ch BRD (juniors) (under 20)"]
[Site "masterchessopen.com - Grossrosseln (Germany)"]
[Round "2"]
[White "Pfleger Helmut Dr (GER)"]
[Black "Schmid Wolfgang (GER)"]
[Result "1-0"]
[WhiteElo "2477"]
[BlackElo "2229"]

1.d4 c5 2.d5 e5 3.e4 d6 4.f4 exf4 5.Bxf4 Ne7 6.Nf3 Ng6 7.Bg3 Be7 8.Nbd2 O-O
9.Bd3 Nd7 10.O-O Nf6 11.Nh4 Nxh4 12.Bxh4 Nxd5 13.Bxe7 Nxe7 14.Bc4 a6 15.a4 Bd7
16.Nf3 Bc6 17.Ng5 Be8 18.Qh5 h6 19.Nxf7 Bxf7 20.Rxf7 Rxf7 21.Rf1 Nc6 22.Rxf7
Kh8 23.Qg6 Qg5 24.Qxg5 hxg5 25.Bd5 Rb8 26.Rd7 Rd8 27.Bxc6 {#r} 1-0

[Event "Ch Czechoslovakia"]
[Site "masterchessopen.com - Jablonec (Czech Republic)"]
[Round "0"]
[White "Hybl Jaroslav (CZE)"]
[Black "Kupka Slavoj (CZE)"]
[Result "0-1"]
[WhiteElo "2172"]
[BlackElo "2169"]

1.d4 c5 2.d5 e5 3.e4 d6 4.Bd3 a6 5.a4 g6 6.Ne2 Bg7 7.O-O Nf6 8.Na3 O-O 9.Nc4
Ne8 10.f4 exf4 11.Bxf4 Qc7 12.Qe1 Nd7 13.Nc3 Ne5 14.Bxe5 Bxe5 15.Qh4 Bd4+
16.Kh1 Bd7 17.e5 Bxc3 18.bxc3 dxe5 19.Qe7 Qd8 20.d6 Be6 21.Rad1 Rb8 22.Bxg6
hxg6 23.Nxe5 Ng7 24.Nxg6 fxg6 25.Rxf8+ Qxf8 26.Qc7 Qc8 27.Qb6 Qc6 28.Qb1 Rd8
{#R} 0-1

[Event "It"]
[Site "masterchessopen.com - Bad Liebenstein (Germany)"]
[Round "1"]
[White "Baumbach Friedrich Dr (GER)"]
[Black "Pietzsch Wolfgang W (GDR)"]
[Result "0-1"]
[WhiteElo "2239"]
[BlackElo "2420"]

1.d4 c5 2.d5 e5 3.e4 d6 4.Bd3 Be7 5.Ne2 Nf6 6.Nd2 O-O 7.a4 Ne8 8.O-O Bg5 9.Nc4
Nd7 10.a5 Bxc1 11.Qxc1 Qe7 12.Ng3 g6 13.Qh6 Ndf6 14.h3 Kh8 15.c3 Bd7 16.Rae1
Ng7 17.f4 Ng8 18.Qg5 f6 19.Qh4 g5 {#R} 0-1

[Event "It"]
[Site "masterchessopen.com - Malaga (Spain)"]
[Round "8"]
[White "Toran Albero Roman (ESP)"]
[Black "Kuijpers Frans A (NED)"]
[Result "1-0"]
[WhiteElo "2445"]
[BlackElo "2280"]

1.d4 c5 2.d5 e5 3.c4 d6 4.Nc3 g6 5.e4 Bg7 6.Bd3 Ne7 7.Nge2 O-O 8.O-O Nd7 9.Ng3
a6 10.a4 b6 11.Be3 f5 12.f4 exf4 13.Bxf4 Ne5 14.Be2 Ra7 15.Qd2 Nf7 16.Bd3 fxe4
17.Ncxe4 Nf5 18.Nxf5 Bxf5 19.Ng5 Nxg5 20.Bxg5 Qc8 21.Bxf5 Rxf5 22.Rxf5 Qxf5
23.Rf1 Bd4+ 24.Be3 Qg5 25.Qxd4 {#r} 1-0

[Event "Olympiad"]
[Site "masterchessopen.com - Habana (Cuba)"]
[Round "0"]
[White "O'kelly De Galway Alberic (BEL)"]
[Black "Nilsson Zandor (SWE)"]
[Result "1-0"]
[WhiteElo "2460"]
[BlackElo "2300"]

1.d4 c5 2.d5 e5 3.e4 d6 4.Nc3 a6 5.a4 g6 6.Nf3 Bg7 7.Nd2 b6 8.Nc4 Qc7 9.a5 Nd7
10.axb6 Nxb6 11.Nxb6 Qxb6 12.Bb5+ Kf8 13.O-O Rb8 14.Bc4 Bf6 15.Be3 Kg7 16.Qd2
a5 17.Nb5 Bd7 18.Rxa5 Bxb5 19.Rxb5 Qc7 20.Ra1 h6 21.b4 Rxb5 22.Bxb5 cxb4
23.Qxb4 Bg5 24.Ra7 Qxc2 25.Qxd6 Qxe4 26.Bc5 Be7 27.Qd7 {#r} 1-0

[Event "Simultan"]
[Site "masterchessopen.com - Groningen (Netherlands)"]
[Round "0"]
[White "Donner Jan-Hein (NED)"]
[Black "Jacobsen Bo (DEN)"]
[Result "0-1"]
[WhiteElo "2430"]
[BlackElo "2317"]

1.d4 c5 2.d5 e5 3.e4 d6 4.Nc3 Ne7 5.Nf3 g6 6.Nd2 a6 7.a4 Nd7 8.Nc4 Qc7 9.Be2
Bg7 10.a5 b5 11.axb6 Nxb6 12.Na5 f5 13.exf5 gxf5 14.Bg5 O-O 15.O-O h6 16.Bxe7
Qxe7 17.Na4 Nxa4 18.Rxa4 Kh8 19.c3 f4 20.f3 Bf6 21.Nc4 Rg8 22.Nb6 Bh3 23.Nxa8
Bxg2 24.Rf2 Qg7 {#R} 0-1

[Event "?"]
[Site "masterchessopen.com - Hungary"]
[Round "0"]
[White "Toth Bela (ITA)"]
[Black "Gasztonyi Endre (HUN)"]
[Result "1-0"]
[WhiteElo "2345"]
[BlackElo "2295"]

1.d4 c5 2.d5 e5 3.c4 d6 4.e4 f5 5.exf5 Bxf5 6.Ne2 Nf6 7.Nbc3 Be7 8.Ng3 Bg6
9.Bd3 Bxd3 10.Qxd3 O-O 11.O-O Nbd7 12.Nce4 Ne8 13.Bd2 Bh4 14.Rae1 a6 15.f4 Qe7
16.Ng5 Bxg5 17.fxg5 g6 18.Rxf8+ Nxf8 19.Ne4 Nd7 20.Rf1 b5 21.b3 b4 22.h4 Ng7
23.Nf6+ Kh8 24.Qh3 Nf5 25.h5 Nf8 26.hxg6 Nd4 27.Nxh7 Nxh7 28.Rf7 {#r} 1-0

[Event "Ch World (juniors) (under 20) (final B)"]
[Site "masterchessopen.com - Jerusalem (Israel)"]
[Round "5"]
[White "Skalkotas Nikolaos (GRE)"]
[Black "Woodhams Michael (AUS)"]
[Result "0-1"]
[WhiteElo "2178"]
[BlackElo "2255"]

1.d4 c5 2.d5 e5 3.c4 d6 4.e4 g6 5.Nc3 Bg7 6.Bd3 Ne7 7.g4 Na6 8.f3 f5 9.gxf5
gxf5 10.Bg5 f4 11.Nge2 Qd7 12.Bc2 Kf8 13.Ba4 Qh3 14.Bxe7+ Kxe7 15.Qb3 Qxf3
16.Rg1 Bh6 17.O-O-O Rb8 18.Kb1 Bh3 19.a3 Nc7 20.Kc2 b6 21.Rd3 Qh5 22.Re1 Bg2
23.Nb5 Nxb5 24.Qxb5 Rhd8 25.Ng1 f3 26.Nxf3 Bxf3 27.Qc6 Bf4 {#R} 0-1

[Event "Ch URS (swiss)"]
[Site "masterchessopen.com - Kharkov (Ukraine)"]
[Round "0"]
[White "Kuzmin Gennadi P (UKR)"]
[Black "Dvoretzky Mark (RUS)"]
[Result "1-0"]
[WhiteElo "2417"]
[BlackElo "2465"]

1.d4 c5 2.d5 e5 3.Nc3 d6 4.e4 Be7 5.Be2 Bg5 6.Nf3 Bxc1 7.Qxc1 Nf6 8.Nd2 O-O
9.a4 Nbd7 10.O-O Ne8 11.a5 Nc7 12.Nc4 Nf6 13.f4 exf4 14.Qxf4 Nfe8 15.e5 dxe5
16.Qxe5 f6 17.Qf4 Bd7 18.Bd3 Nb5 19.Ne4 Rc8 20.d6 f5 21.Ne5 Nbxd6 22.Nxd6 Nxd6
23.Bc4+ Nxc4 24.Qxc4+ Kh8 25.Rad1 Rc7 26.Nf7+ Rxf7 27.Qxf7 {#r} 1-0

[Event "?"]
[Site "masterchessopen.com - Israel"]
[Round "0"]
[White "Porath Yosef (ISR)"]
[Black "Kagan Shimon (ISR)"]
[Result "0-1"]
[WhiteElo "2340"]
[BlackElo "2338"]

1.d4 c5 2.d5 e5 3.e4 d6 4.Nc3 g6 5.Be2 Bg7 6.h4 Na6 7.h5 Nc7 8.Nf3 Bd7 9.a4 a6
10.Bg5 f6 11.Be3 b5 12.hxg6 hxg6 13.Rxh8 Bxh8 14.axb5 axb5 15.Rxa8 Qxa8 16.Nh4
Ne7 17.Bh5 gxh5 18.Qxh5+ Kd8 19.Qxh8+ Ne8 20.Qh5 Qa1+ 21.Kd2 Qxb2 22.Ng6 Nxg6
23.Qxg6 b4 {#R} 0-1

[Event "Ch World (juniors) (under 20) (prel-A)"]
[Site "masterchessopen.com - Ybbs (Austria)"]
[Date "1968.07.18"]
[Round "5"]
[White "Kuzmin Gennadi P (UKR)"]
[Black "Albano Marco (ITA)"]
[Result "1-0"]
[WhiteElo "2417"]
[BlackElo "2226"]

1.d4 c5 2.d5 e5 3.e4 d6 4.Nc3 g6 5.Be2 Bg7 6.Nf3 Nf6 7.O-O O-O 8.a4 Ne8 9.Nd2
f5 10.exf5 gxf5 11.f4 e4 12.Nc4 a6 13.Kh1 Rf6 14.g4 fxg4 15.Bxg4 Bxg4 16.Qxg4
Rg6 17.Qe2 Bxc3 18.bxc3 Qf6 19.Ne3 Rg7 20.Rb1 Qf7 21.c4 Nf6 {#r} 1-0

[Event "Zt"]
[Site "masterchessopen.com - Raach (Germany)"]
[Round "12"]
[White "Ivkov Borislav (SRB)"]
[Black "Camilleri Henry (MLT)"]
[Result "1-0"]
[WhiteElo "2416"]
[BlackElo "2002"]

1.d4 c5 2.d5 e5 3.e4 d6 4.c4 f5 5.exf5 Bxf5 6.Nc3 Nf6 7.Nge2 Be7 8.Ng3 Bg6
9.h4 O-O 10.h5 Bf7 11.Bd3 a6 12.a4 Nbd7 13.Ra3 b5 14.axb5 axb5 15.Rxa8 Qxa8
16.Nxb5 Nxd5 17.cxd5 Bxd5 18.Nf5 Bf6 19.Nbxd6 c4 20.Be2 Nc5 21.Qxd5+ Qxd5
22.Bxc4 Nd3+ 23.Ke2 Nf4+ {#r} 1-0

[Event "Ch Europe (team)"]
[Site "masterchessopen.com - Kapfenberg (Austria)"]
[Round "0"]
[White "Popov Luben (BUL)"]
[Black "Jacobsen Bo (DEN)"]
[Result "1-0"]
[WhiteElo "2317"]
[BlackElo "2317"]

1.d4 c5 2.d5 e5 3.e4 d6 4.c4 Be7 5.Nf3 f5 6.exf5 Bxf5 7.Nc3 e4 8.Ng5 Nf6 9.Be2
Qc8 10.f3 exf3 11.Nxf3 O-O 12.O-O Na6 13.Bd3 Nc7 14.h3 Nh5 15.Ng5 h6 16.Rxf5
Rxf5 17.Qxh5 hxg5 18.Qg6 Re5 19.Bd2 Ne8 20.Qh7+ Kf8 21.Rf1+ Bf6 22.Ne4 Rxe4
23.Bxe4 Ke7 24.Rxf6 Kxf6 25.Qg6+ Ke5 26.Bc3+ Kf4 27.Kf2 {#r} 1-0

[Event "Ch Europe (juniors) (under 20) (qual)"]
[Site "masterchessopen.com - Groningen (Netherlands)"]
[Round "7"]
[White "Inkiov Ventzislav (BUL)"]
[Black "Findlay David John (SCO)"]
[Result "1-0"]
[WhiteElo "2465"]
[BlackElo "2181"]

1.d4 c5 2.d5 e5 3.c4 d6 4.e4 Ne7 5.Nc3 Nd7 6.Bd3 a6 7.Nge2 g6 8.Bg5 Bg7 9.Qd2
h6 10.Be3 f5 11.f4 exf4 12.Nxf4 Ne5 13.Ne6 Bxe6 14.dxe6 O-O 15.O-O Rf6 16.Rad1
Ng4 17.Bf4 Rxe6 18.h3 Bd4+ 19.Kh1 g5 20.exf5 Re3 21.Bxe3 Nxe3 22.f6 Nc6 23.Nd5
Nxd5 24.cxd5 Ne5 25.Bb1 Nf7 26.Qc2 {#r} 1-0

[Event "It (open)"]
[Site "masterchessopen.com - Leipzig (Germany)"]
[Round "8"]
[White "Nevole Vladimir (CZE)"]
[Black "Bergmann Peter (GER)"]
[Result "1-0"]
[WhiteElo "2051"]
[BlackElo "2128"]

1.d4 c5 2.d5 e5 3.c4 d6 4.Nc3 f5 5.e4 Be7 6.exf5 Bxf5 7.Bd3 Qd7 8.Nge2 Nf6
9.Ng3 Bxd3 10.Qxd3 O-O 11.O-O Na6 12.f4 Nb4 13.Qb1 Ng4 14.a3 Na6 15.h3 exf4
16.Bxf4 Bf6 17.Nce2 Ne5 18.Qc2 Ng6 19.Ne4 Be5 20.Bxe5 Nxe5 21.Ng5 Nc7 22.Qxh7#
1-0

[Event "Tournament (juniors)"]
[Site "masterchessopen.com - Sochi (Russia)"]
[Round "0"]
[White "Zaichik Gennadi (USA)"]
[Black "Vladimirov Evgeny (KAZ)"]
[Result "1-0"]
[WhiteElo "2457"]
[BlackElo "2601"]

1.d4 c5 2.d5 e5 3.c4 d6 4.Nc3 Be7 5.Nf3 f5 6.e4 f4 7.g3 g5 8.gxf4 gxf4 9.Nxe5
dxe5 10.Qh5+ Kf8 11.Qxe5 Bf6 12.Qxf4 Nd7 13.Be3 b6 14.O-O-O Ne7 15.Bh3 Ng6
16.Qd6+ Kg7 17.Qc6 Rb8 18.f4 Bxc3 19.bxc3 Nf6 20.Be6 { ! } 20...Nxe4 21.f5 Bb7
( 21...Nxc3 22.fxg6 Bb7 { P } ) 22.Qb5 Qf6 23.Qd7+ Ne7 24.Rhg1+ Kf8 25.Rd3
Nxc3 26.Bg5 {#r} 1-0

[Event "Tournament"]
[Site "masterchessopen.com - Toronto (Canada)"]
[Round "2"]
[White "Coudari Camille (CAN)"]
[Black "Szeytol"]
[Result "1-0"]
[WhiteElo "2325"]
[BlackElo "1930"]

1.d4 c5 2.d5 e5 3.e4 g6 4.Nc3 Bg7 5.d6 Bf8 6.Nf3 a6 7.Nxe5 Qf6 8.Nc4 Nc6 9.Nd5
Qd4 10.Nc7+ Kd8 11.Nxa8 {#r} 1-0

[Event "It"]
[Site "masterchessopen.com - Istres (France)"]
[Round "0"]
[White "Pytel Krzysztof (FRA)"]
[Black "Ungureanu Emil (ROM)"]
[Result "1-0"]
[WhiteElo "2305"]
[BlackElo "2188"]

1.d4 c5 2.d5 e5 3.e4 d6 4.Nc3 Be7 5.Bb5+ Nd7 6.Nf3 Nf6 7.a4 O-O 8.O-O a6 9.Bd3
Re8 10.Nd2 Nf8 11.Nc4 Ng6 12.Re1 Rf8 13.a5 Rb8 14.Rb1 Ne8 15.b4 cxb4 16.Rxb4
Nf4 17.Rb6 Nxd3 18.cxd3 f5 19.Ba3 Rf6 20.d4 exd4 21.Qxd4 Bf8 22.e5 dxe5
23.Qxe5 Bd7 24.Bxf8 Rxf8 25.d6 Rc8 26.Qd4 Bc6 27.Nd5 {#r} 1-0

[Event "It (open)"]
[Site "masterchessopen.com - Sandomier (Poland)"]
[Round "11"]
[White "Vaisman Volodia (FRA)"]
[Black "Gunev Zlatan (BUL)"]
[Result "1-0"]
[WhiteElo "2485"]
[BlackElo "2220"]

1.d4 c5 2.d5 e5 3.e4 d6 4.Bd3 g6 5.a4 Bg7 6.Na3 Ne7 7.g4 O-O 8.g5 Bd7 9.c3 Nc8
10.h4 f5 11.f3 Qe8 12.Bb5 fxe4 13.Bxd7 Nxd7 14.fxe4 c4 15.Be3 Ndb6 16.a5 Na4
17.Rh2 b5 18.Nxb5 Nc5 19.Nxd6 Nxd6 20.Bxc5 Nxe4 21.Bxf8 Bxf8 22.Qg4 Nc5
23.Qxc4 {#r} 1-0

[Event "Olympiad"]
[Site "masterchessopen.com - Buenos Aires (Argentina)"]
[Round "10"]
[White "Foguelman Alberto (ARG)"]
[Black "Olivera Horacio (ARG)"]
[Result "1-0"]
[WhiteElo "2310"]
[BlackElo "2243"]

1.d4 c5 2.d5 e5 3.c4 d6 4.Nc3 g6 5.e4 Bg7 6.Be3 Nf6 7.Be2 O-O 8.Qd2 a6 9.Bh6
Ne8 10.h4 Bxh6 11.Qxh6 Qf6 12.Nh3 Qg7 13.Qd2 Bxh3 14.Rxh3 Nd7 15.h5 Nc7
16.O-O-O Rfb8 17.hxg6 hxg6 18.Rdh1 Kf8 19.Rh7 Qf6 20.R1h3 Kg8 21.Bg4 Nb6
22.Ne2 {#r} 1-0

[Event "It (open) \"]
[Site "masterchessopen.com - Oslo (Norway)"]
[Round "2"]
[White "Toth Bela (ITA)"]
[Black "Rantanen Yrjo A (FIN)"]
[Result "1-0"]
[WhiteElo "2345"]
[BlackElo "2420"]

1.d4 c5 2.d5 e5 3.e4 d6 4.c4 Be7 5.Nc3 Bg5 6.Be2 Bxc1 7.Qxc1 Ne7 8.f4 exf4
9.Qxf4 Ng6 10.Qg3 O-O 11.Nf3 Re8 12.O-O a6 13.Rf2 b6 14.Raf1 Ra7 15.h3 Ne5
16.Nh4 h6 17.Nf5 Bxf5 18.Rxf5 Nbd7 19.Nd1 Nf8 20.Ne3 Nfg6 21.Rh5 Nd7 22.Nf5
Nf6 23.Nxd6 Nxh5 24.Bxh5 Re5 25.Bxg6 Qxd6 26.Rf5 Rxd5 27.Rxd5 Qxg3 28.Rd8# 1-0

[Event "Tournament"]
[Site "masterchessopen.com - Vejle (Denmark)"]
[Round "2"]
[White "Berg Klaus (DEN)"]
[Black "Fries-Nielsen Niels Jorgen (DEN)"]
[Result "0-1"]
[WhiteElo "2335"]
[BlackElo "2317"]

1.d4 c5 2.d5 e5 3.e4 d6 4.g3 Be7 5.h4 Na6 6.c4 f5 7.exf5 Bxf5 8.Bh3 Qd7 9.Nc3
Nf6 10.f3 Bxh3 11.Nxh3 O-O 12.Kf2 Qf5 13.a3 e4 14.f4 Nc7 15.Kg2 b5 16.b3 Ng4
17.Qc2 Bf6 18.Rb1 Bxc3 19.Qxc3 e3 20.Rb2 Qe4+ 21.Kg1 e2 22.Bd2 h6 23.Be1 Rab8
24.Rc2 Rfe8 25.f5 b4 26.axb4 cxb4 27.Qb2 Qf3 {#R} 0-1

[Event "It (open) \"]
[Site "masterchessopen.com - London (England)"]
[Round "8"]
[White "Plaskett Jim (ENG)"]
[Black "Arkell Keith C (ENG)"]
[Result "1-0"]
[WhiteElo "2430"]
[BlackElo "2409"]

1.d4 c5 2.d5 e5 3.e4 d6 4.c4 Be7 5.Nc3 Bg5 6.Bxg5 Qxg5 7.g3 Nh6 8.h4 Qe7 9.Bh3
Nd7 10.g4 Nb6 11.a4 Qxh4 12.a5 Bxg4 13.Nf3 Qf6 14.Bxg4 Nxc4 15.Nh2 b5 16.Be2
Qh4 17.Nxb5 Ne3 18.Qb3 Neg4 19.Nxd6+ Kd7 20.Qb7+ Kxd6 21.Qc6+ Ke7 22.d6+ Kd8
23.Qxa8+ Kd7 24.Qb7+ Ke6 {#r} 1-0

[Event "Ch Argentina (under 26)"]
[Site "masterchessopen.com - Pehuajo (Argentina)"]
[Round "4"]
[White "Soppe Guillermo (ARG)"]
[Black "Darcyl Tomas (ARG)"]
[Result "0-1"]
[WhiteElo "2275"]
[BlackElo "2285"]

1.d4 c5 2.d5 e5 3.e4 d6 4.c4 Be7 5.Nc3 Bg5 6.Bxg5 Qxg5 7.g3 Nh6 8.Bg2 O-O
9.Nf3 Qe7 10.Nh4 f5 11.exf5 Bxf5 12.Nxf5 Nxf5 13.O-O Nd7 14.Qd3 Nd4 15.Rae1
Rae8 16.f4 Qd8 17.Bh3 exf4 18.Be6+ Rxe6 19.dxe6 Ne5 20.Qe4 fxg3 21.Qd5 Ndf3+
22.Kg2 Nxe1+ 23.Rxe1 Kh8 24.Ne4 Nf3 25.Re3 Qh4 26.h3 Qf4 27.Qd3 Nh4+ 28.Kg1 g2
{#R} 0-1

[Event "It \"]
[Site "masterchessopen.com - Pasadena (USA)"]
[Round "4"]
[White "Fedorowicz John P (USA)"]
[Black "Hanken Jerome B (USA)"]
[Result "1-0"]
[WhiteElo "2430"]
[BlackElo "1918"]

1.d4 c5 2.d5 e5 3.e4 d6 4.Nf3 Ne7 5.c4 Ng6 6.h4 Be7 7.h5 Nf8 8.Nc3 h6 9.g3 Nh7
10.Be2 Nd7 11.Nh4 Bxh4 12.Rxh4 a6 13.Kf1 O-O 14.Kg2 Rb8 15.Rb1 b6 16.a3 Rb7
17.b4 Ng5 18.Be3 Rc7 19.Qd2 Qe7 20.bxc5 bxc5 21.Rhh1 f5 22.Bxg5 hxg5 23.exf5
Rxf5 24.Bg4 Rf6 25.Ne4 Nf8 26.Bxc8 Rxc8 27.Qxg5 {#r} 1-0

[Event "It (open)"]
[Site "masterchessopen.com - Bratto (Italy)"]
[Round "0"]
[White "Chiaudano Andrea (ITA)"]
[Black "Cugini Verter (ITA)"]
[Result "1-0"]
[WhiteElo "2315"]
[BlackElo "2053"]

1.d4 c5 2.d5 e5 3.e4 d6 4.f4 Nd7 5.Nf3 Qe7 6.Bb5 f6 7.fxe5 fxe5 8.Ng5 Nf6
9.Ne6 a6 10.Nc7+ Kd8 11.Ne6+ Ke8 12.Nc7+ Kd8 13.Nxa8 axb5 14.Qe2 c4 15.a4 Nc5
16.axb5 Nfxe4 17.O-O {#r} 1-0

[Event "It (open)"]
[Site "masterchessopen.com - Greece"]
[Round "0"]
[White "Skalkotas Nikolaos (GRE)"]
[Black "Kaloussis Evangelos (GRE)"]
[Result "1-0"]
[WhiteElo "2178"]
[BlackElo "2273"]

1.d4 c5 2.d5 e5 3.e4 d6 4.Nc3 Be7 5.Bb5+ Nd7 6.a4 Bg5 7.Nf3 Bxc1 8.Qxc1 Nf6
9.Nd2 O-O 10.Be2 Ne8 11.Nc4 Rb8 12.O-O b6 13.Nb5 Ndf6 14.Nxa7 Bd7 15.Qe3 Qc7
16.Nb5 Bxb5 17.axb5 Qd7 18.f4 exf4 19.Rxf4 Nc7 20.Rxf6 gxf6 21.Qh6 Ra8 22.Rf1
f5 23.Qg5+ Kh8 24.Qf6+ Kg8 25.Rxf5 Ra1+ 26.Kf2 Re8 {#r} 1-0

[Event "Ch World (juniors) (under 20)"]
[Site "masterchessopen.com - Baguio (Philippines)"]
[Round "0"]
[White "Sorin Ariel (ARG)"]
[Black "Bern Ivar (NOR)"]
[Result "1-0"]
[WhiteElo "2345"]
[BlackElo "2275"]

1.d4 c5 2.d5 e5 3.e4 d6 4.Nc3 a6 5.a4 b6 6.Be2 g6 7.Nf3 Bg7 8.O-O Ne7 9.Rb1
O-O 10.Nd2 Nd7 11.Nc4 Qc7 12.b4 Rb8 13.Be3 f5 14.Rb2 cxb4 15.Rxb4 Nc5 16.Qb1
fxe4 17.Rxb6 Rxb6 18.Qxb6 Qxb6 19.Nxb6 Nf5 20.Bxc5 dxc5 21.Nxe4 Nd4 22.Bd3 Bf5
23.Nxc5 Nxc2 24.Bxa6 e4 25.Ne6 Bxe6 26.dxe6 Bd4 27.e7 Re8 28.Nc8 {#r} 1-0

[Event "It (w)"]
[Site "masterchessopen.com - Belgrade (Yugoslavia)"]
[Round "1"]
[White "Maksimovic Suzana (SRB)"]
[Black "Maric Mirjana (SRB)"]
[Result "1-0"]
[WhiteElo "2223"]
[BlackElo "2283"]

1.d4 c5 2.d5 e5 3.e4 d6 4.Nc3 g6 5.h3 Bg7 6.Nf3 Ne7 7.g4 h6 8.a4 b6 9.Be2 a6
10.Nd2 g5 11.Nf1 Ng6 12.Ng3 Nf4 13.Nf5 Bxf5 14.exf5 Nd7 15.Kf1 Kf8 16.Ra3 Nf6
17.Rb3 Qc7 18.h4 Qb7 19.Bxf4 exf4 20.hxg5 hxg5 21.Rxh8+ Bxh8 22.Qd3 Bg7 23.Ne4
Nxe4 24.Qxe4 Bf6 25.Rh3 Bxb2 26.c3 b5 27.f6 {#r} 1-0

[Event "It \"]
[Site "masterchessopen.com - London (England)"]
[Round "0"]
[White "Dlugy Maxim (USA)"]
[Black "Arkell Keith C (ENG)"]
[Result "1-0"]
[WhiteElo "2545"]
[BlackElo "2400"]

1.d4 c5 2.d5 e5 3.e4 d6 4.c4 Be7 5.Bd3 Bg5 6.Nd2 Ne7 7.h4 Bh6 8.g4 Bxd2+
9.Bxd2 Nd7 10.g5 O-O 11.Ne2 f5 12.exf5 Nxf5 13.Qc2 g6 14.h5 b5 15.hxg6 hxg6
16.Bxf5 Rxf5 17.Ng3 Nb6 18.cxb5 Qe8 19.Ne4 Qf7 20.Rh6 Kg7 21.O-O-O Qxd5 22.Bc3
Qxa2 23.Rxd6 Be6 24.f4 Raf8 25.Nxc5 {#r} 1-0

[Event "It (open)"]
[Site "masterchessopen.com - USA"]
[Round "4"]
[White "Dean Jim H (USA)"]
[Black "Duckworth William (MAR)"]
[Result "1-0"]
[WhiteElo "2278"]
[BlackElo "2352"]

1.d4 c5 2.d5 e5 3.e4 d6 4.Nc3 Be7 5.Bb5+ Nd7 6.a4 Bg5 7.Bxg5 Qxg5 8.Nf3 Qxg2
9.Rg1 Qh3 10.Rxg7 Qh6 11.Rg5 a6 12.Be2 Ne7 13.Qd2 Ng6 14.Rxe5+ Ndxe5 15.Qxh6
{#r} 1-0

[Event "?"]
[Site "masterchessopen.com - Belgrade (Yugoslavia)"]
[Round "0"]
[White "Nenadovic Ljubisa (SRB)"]
[Black "Ljubisavljevic Zivojin Z (SRB)"]
[Result "0-1"]
[WhiteElo "2185"]
[BlackElo "2355"]

1.d4 c5 2.d5 e5 3.e4 d6 4.Nc3 Be7 5.h3 Bg5 6.Nf3 Bxc1 7.Qxc1 Ne7 8.Bd3 O-O
9.Nd2 f5 10.Nc4 Rf6 11.a4 Bd7 12.exf5 Bxf5 13.Ne4 Bxe4 14.Bxe4 Nd7 15.Qd2 Nb6
16.Ne3 Qc7 17.O-O Raf8 18.a5 Nd7 19.Ng4 Rf4 20.Qd3 h5 21.Nh2 c4 22.Qe2 Nf6
23.f3 Qc5+ 24.Kh1 Nexd5 25.Bg6 h4 26.c3 Ne7 27.Bc2 Nh5 28.Qe1 Ng3+ {#R} 0-1

[Event "It"]
[Site "masterchessopen.com - Buenos Aires (Argentina)"]
[Round "0"]
[White "Slipak Sergio (ARG)"]
[Black "Urday Henry (PER)"]
[Result "1-0"]
[WhiteElo "2432"]
[BlackElo "2482"]

1.d4 c5 2.d5 e5 3.e4 d6 4.Nc3 g6 5.Bb5+ Nd7 6.a4 a6 7.Be2 b6 8.Nf3 Bg7 9.O-O
Ne7 10.Be3 O-O 11.Nd2 f5 12.f3 f4 13.Bf2 g5 14.Rb1 Ng6 15.Nc4 Qc7 16.b4 Rf7
17.bxc5 bxc5 18.a5 Bf8 19.Nb5 Nb8 20.Rb3 axb5 21.Na3 Qd8 22.Rd3 Qc7 23.Kh1 Nh4
24.Rd4 Bg4 25.Rd2 Bxf3 26.Nb1 Rf5 {#r} 1-0

[Event "Ch Denmark (qual)"]
[Site "masterchessopen.com - Denmark"]
[Round "1"]
[White "Schandorff Lars (DEN)"]
[Black "Andreasen Per (DEN)"]
[Result "1-0"]
[WhiteElo "2494"]
[BlackElo "2245"]

1.d4 c5 2.d5 e5 3.e4 d6 4.Nf3 Bg4 5.h3 Bxf3 6.Qxf3 Be7 7.Qb3 b6 8.Bb5+ Kf8
9.O-O a6 10.Be2 Nd7 11.f4 h5 12.a4 Bf6 13.Na3 Ne7 14.Nc4 Qc7 15.g3 Rb8 16.Qf3
Ng6 17.f5 Ne7 18.g4 hxg4 19.hxg4 Ng8 20.Bd2 Be7 21.Kg2 Qd8 22.Rh1 Rxh1 23.Rxh1
b5 24.Na5 Qb6 25.Nc6 Rc8 26.axb5 axb5 27.Rh8 Nb8 28.Qh3 {#r} 1-0

[Event "It"]
[Site "masterchessopen.com - Frankfurt (Germany)"]
[Round "8"]
[White "Mukic Josko (CRO)"]
[Black "Kertesz Alfred (GER)"]
[Result "1-0"]
[WhiteElo "2327"]
[BlackElo "2271"]

1.d4 c5 2.d5 e5 3.Nc3 d6 4.e4 a6 5.a4 Be7 6.f4 exf4 7.Bxf4 Bh4+ 8.g3 Bf6 9.Nf3
Bg4 10.Be2 Qe7 11.Nd2 Bxe2 12.Qxe2 Nd7 13.O-O Ne5 14.a5 Qc7 15.Nc4 Nxc4
16.Qxc4 {#r} 1-0